Countries Containing K (no continent prompts) - Statistics

General Stats
  • This quiz has been taken 2,088 times
  • The average score is 16 of 20
Answer Stats
country % Correct
Kazakhstan
93%
Kenya
91%
Kyrgyzstan
90%
Turkmenistan
89%
United Kingdom
88%
Kiribati
87%
Kuwait
87%
Kosovo
86%
Turkey
86%
Uzbekistan
86%
Pakistan
85%
North Korea
83%
South Korea
83%
Tajikistan
83%
Ukraine
79%
Denmark
72%
Slovakia
70%
St Kitts and Nevis
70%
Burkina Faso
65%
Sri Lanka
62%
No matching quizzes found
Score Distribution
Percent of People with Each Score
Percentile by Number Answered
Your Score History
You have not taken this quiz